skbl

Dr Suryya Kumar Bhuyan Library Web-OPAC
ডঃ সূৰ্য্য
কুমাৰ ভূঞা পুথিভঁৰাল ৱেব-অ'পেক

All Research Scholars are advised to clear the annual library fees to continue using Library Resources, Remote Access, Plagiarism Test and Library Clearance.

Cotton University Book Fair 2026

A Text-Book of Genetics / (Record no. 14752)

MARC details
000 -LEADER
fixed length control field 00698nam a2200265Ia 4500
001 - CONTROL NUMBER
control field 14766
005 - DATE AND TIME OF LATEST TRANSACTION
control field 20240113235551.0
007 - PHYSICAL DESCRIPTION FIXED FIELD--GENERAL INFORMATION
fixed length control field ta
008 - FIXED-LENGTH DATA ELEMENTS--GENERAL INFORMATION
fixed length control field 051128s1994 a g b000 u 465 u
040 ## - CATALOGING SOURCE
Original cataloging agency Cotton College Assam
041 ## - LANGUAGE CODE
Language code of text/sound track or separate title 465
082 ## - DEWEY DECIMAL CLASSIFICATION NUMBER
Classification number 591.15
Item number Da 15 Te
100 ## - MAIN ENTRY--PERSONAL NAME
Personal name Dalela, R.C. .
245 #0 - TITLE STATEMENT
Title A Text-Book of Genetics /
Statement of responsibility, etc. R.C. Dalela and S.R. Verma.
Medium Textual Documents
250 ## - EDITION STATEMENT
Edition statement 11th ed. /
260 ## - PUBLICATION, DISTRIBUTION, ETC.
Place of publication, distribution, etc. Meerut :
Name of publisher, distributor, etc. Jai Parkash Nath & Co. ,
Date of publication, distribution, etc. 1994.
300 ## - PHYSICAL DESCRIPTION
Extent viii,587p. :
Other physical details ill ;
Dimensions 21cm .
653 ## - INDEX TERM--UNCONTROLLED
Uncontrolled term Zoology
653 ## - INDEX TERM--UNCONTROLLED
Uncontrolled term Genetics
653 ## - INDEX TERM--UNCONTROLLED
Uncontrolled term G-Zoology
700 ## - ADDED ENTRY--PERSONAL NAME
Personal name Verma, S.R. .
942 ## - ADDED ENTRY ELEMENTS (KOHA)
Source of classification or shelving scheme Dewey Decimal Classification
Koha item type Books
Holdings
Withdrawn status Lost status Damaged status Not for loan Collection Home library Current library Date acquired Coded location qualifier Total checkouts Full call number Barcode Date last seen Date last checked out Copy number Price effective from Koha item type
          Dr. Suryya Kumar Bhuyan Library Dr. Suryya Kumar Bhuyan Library 01/02/2012 00000 1 591.15 Da 15 Te 88743 11/03/2026 09/02/2026 1 01/02/2012 Books

Designed and Maintained by Team SKBL
©1901-2026

Powered by Koha